000
00324cam a2200133ua 4500
020
_a
0-07-462400-2
082
_a
621.317
_b
SEN/PO
100
_a
Sen, P C .
245
_a
Power electronics /
250
_a
1 /
260
_a
New Delhi :
_b
Tata Mc-Graw Hill Publishing Company ,
_c
1994.
300
_a
1031 ; .
942
_c
BK
999
_c
10296
_d
10296